| 000 | 00454nam a22001817a 4500 | ||
|---|---|---|---|
| 003 | NUST - PNEC | ||
| 005 | 20170116180806.0 | ||
| 008 | 150422b xxu||||| |||| 00| 0 eng d | ||
| 020 | _a0571141072 | ||
| 040 | _cLIBRARY | ||
| 082 | _a958.1045 BOR | ||
| 100 |
_92989 _a Borovik, Artem |
||
| 245 |
_aThe Hidden War _c Artyom Borovik |
||
| 260 |
_aLodon _bFaber; _cc1990. |
||
| 300 | _a288p. : | ||
| 650 |
_92991 _aAfghanistan _xGeneral |
||
| 942 |
_2ddc _cBK |
||
| 999 |
_c63196 _d63196 |
||